000 01698nam a2200337 a 4500
001 ebr10372241
003 CaPaEBR
006 m u
007 cr cn|||||||||
008 031008s2004 wiu sb s001 0 eng
010 _z 2003022354
020 _z0299196607
040 _aCaPaEBR
_cCaPaEBR
035 _a(OCoLC)647891262
043 _ae-ie---
050 1 4 _aPN2044.I73
_bD43 2004eb
082 0 4 _a363.31/09417/0904
_222
100 1 _aDean, Joan Fitzpatrick,
_d1949-
245 1 0 _aRiot and great anger
_h[electronic resource] :
_bstage censorship in twentieth-century Ireland /
_cJoan FitzPatrick Dean.
260 _aMadison :
_bUniversity of Wisconsin Press,
_cc2004.
300 _axiii, 261 p.
490 1 _aIrish studies in literature and culture
504 _aIncludes bibliographical references (p. 237-252) and index.
505 0 _aTheatrical censorship and disorder in Ireland -- Theatre, art, and censorship -- The evil genius -- The boom of the ban -- The riot in Westport; or George A. Birmingham at home -- The freedom of the theatre in the Irish Free State, 1922-1929 -- Irish stage censorship from Salome through Roly Poly -- The fifties -- New theatrical economies.
533 _aElectronic reproduction.
_bPalo Alto, Calif. :
_cebrary,
_d2013.
_nAvailable via World Wide Web.
_nAccess may be limited to ebrary affiliated libraries.
650 0 _aTheater
_xCensorship
_zIreland
_xHistory
_y20th century.
655 7 _aElectronic books.
_2local
710 2 _aebrary, Inc.
830 0 _aIrish studies in literature and culture.
856 4 0 _uhttp://site.ebrary.com/lib/rucke/Doc?id=10372241
_zAn electronic book accessible through the World Wide Web; click to view
999 _c98656
_d98656